Word Ladder: Card Games Quiz Stats

 Plays Quiz Updated Feb 2, 2012

Support Sporcle.
Go Orange.
Score 0/42 Timer 05:00
1 Play Today
Clue Answer % Correct
♥♣ Card game: Daddy ____ Legs ♦♠●LONG●
96.6%
Island in South China Sea: Hong ____KONG
95.7%
Lion's hairMANE
95.6%
Belonging to meMINE
95.4%
2010s tv show: '' The Big ____ Theory''BANG
95.1%
♥♣ Card game: What Do You ____ to Be? ♥♣ ●WANT●
92.7%
♥♣ Card game: Texas ____'em ♦♠●HOLD●
92.7%
Fashion designer Vera ____WANG
92.1%
Place items in a suitcasePACK
91.3%
♥♣ Card game: Blind _____ Bluff ♦♠●MAN'S●
90.7%
2001 movie: ''A Beautiful ____''MIND
90.1%
♥♣ Card game: Auld ____ Syne ♦♠●LANG●
89.9%
♥♣ Card game: 52 Card ____ Up ♦♠●PICK●
89%
♥♣ Card game: Ace in the ____ ♦♠●HOLE●
88.1%
♥♣ Card game: ____ Man, Poor Man ♦♠●RICH●
87.7%
1968 movie: ''____ 'Em High''HANG
87.5%
Bush's Sec. of State: Condoleezza ____RICE
86.7%
Part played by an actorROLE
86%
♥♣ Card game: ____ and Foot ♦♠●HAND●
85.9%
♥♣ Card game: Ace through ____ ♦♠●KING●
85.6%
♥♣ Card game: Cows ____ Dance ♦♠●CAN'T●
84.2%
Clue Answer % Correct
Shallow cooking and baking containersPANS
84%
1995 movie: ''Never ____ to Strangers''TALK
84%
♥♣ Card game: ____ the Bus ♦♠●RIDE●
82.1%
♥♣ Card game: ____ ♦♠●KIND●
79.2%
Actors in a playCAST
78.8%
1995 movie: ''Crimson ____''TIDE
78%
Kept in the hand; graspedHELD
77.2%
♥♣ Card game: ____ Alley ♦♠●BACK●
73.8%
♥♣ Card game: ____ Rush ♦♠●GOLD●
72.9%
♥♣ Card game: Russian ____ ♦♠●BANK●
72.3%
Mamas and Papas singer ____ ElliotCASS
69.3%
Irritate; annoyRILE
68.8%
♥♣ Card game: ____ the Trash ♦♠●PASS●
67.4%
Castrate a horseGELD
67.3%
1987 M. Douglas movie: ''____ Street''WALL
66%
♥♣ Card game: Oh, ____ ♦♠●HELL●
65.4%
A horse's riding harnessTACK
62.8%
♥♣ Card game: Face ____ ♦♠●WALK●
62.4%
♥♣ Card game: Thirty-Point Black ____ ♦♠●TILE●
62.2%
♥♣ Card game: ____ ♦♠●TICK●
61.2%
♥♣ Card game: Durbar ____ ♦♠●HALL●
57%

Today's Daily Dose

Word Ladder
ING Words

Get the Picture
Nearest Volcano

From the Vault

Click the Cartoon Doctor

by ddd62291

Hopefully they're not writing your prescriptions.
Remove Ads.
Support Sporcle.
Get the best of Sporcle when you Go Orange. This ad-free experience offers more features, more stats, and more fun while also helping to support Sporcle. Thank you for becoming a member.

Show Comments

Extras

Top Quizzes Today


Score Distribution

Your Account Isn't Verified!

In order to create a playlist on Sporcle, you need to verify the email address you used during registration. Go to your Sporcle Settings to finish the process.

Report this User

Report this user for behavior that violates our Community Guidelines.

Details: